| 000 | 01281nam0a2200349 4500 | ||
|---|---|---|---|
| 001 | RU\NLR\BIBL_A\011528473 | ||
| 005 | 20260409070801.0 | ||
| 010 |
_a9785090572637 _92000 |
||
| 021 |
_aRU _b2017-78790 _95622 |
||
| 035 | _a(RuMoRGB)009425052 | ||
| 035 | _a(NLR Aleph) 011528473 | ||
| 090 |
_a12133058 _c12133058 |
||
| 100 | _a20171116d2018 k y0rusy50 ca | ||
| 101 | 0 | _arus | |
| 102 | _aRU | ||
| 105 | _aa j 000zy | ||
| 200 | 1 |
_aРечевое развитие детей 6-8 лет _eметодическое пособие для воспитателей _fТ. И. Гризик |
|
| 205 | _a2-е изд. | ||
| 210 |
_aМосква _cПросвещение _d2018 _d[т. е. 2017] |
||
| 215 |
_a190 с. _cил. _d26 |
||
| 225 | 1 | _aРадуга | |
| 300 | _aФактическая дата выхода в свет - 2017 | ||
| 333 | _a16+ | ||
| 606 |
_aДошкольники _jМетодические пособия _xРазвитие речи _9957151 _3RU\NLR\AUTH\66356888 |
||
| 610 | 0 | _aразвитие речи дошкольников | |
| 686 |
_aЧ411,6(2)382.1,0 _2rubbk |
||
| 686 | 1 | _aЧ411.382.11я8 | |
| 700 | 1 |
_aГризик _bТ. И. _gТатьяна Ивановна |
|
| 942 | _cBOOK | ||
| 980 | _aNBR | ||